000 00800nam a22002412 4500
001 0000002686
005 20151217151902.0
008 070418s xx 000 0 eng d
020 _a9966461477 :
040 _aKABU
_cKABU
050 0 _aPN1042
_b.R63 1981
100 1 _aRobins, Paul.
_@0000152162
245 1 2 _aA Poetry course for KCSE /
_cP. Robins, R. A. Hargreaves.
260 _aNairobi :
_bEast African Educational Publishers,
_c1981.
300 _a136 p. ;
_c21 cm.
650 0 _aPoetry.
_@0000152163
700 1 _aHargreaves, R. A.
_@0000152164
852 1 _9p340 KES
852 1 _9p340 KES
852 1 _9p340 KES
908 _a070418
950 _@1
999 _c5971
_d5971